Najvýznamnejšie mimovládne organizácie a ich vplyv na ekonomický rozvoj a kvalitu života diplomová práca

Na minha lista:
Detalhes bibliográficos
Autor principal: Litecká-Švedová, Ulrika
Autor Corporativo: Ekonomická univerzita v Bratislave. Fakulta medzinárodných vzťahov
Outros Autores: Lysák, Ladislav
Formato: Livro
Idioma:eslovaco
Publicado em: Bratislava 2010
Tags: Adicionar Tag
Sem tags, seja o primeiro a adicionar uma tag!

MARC

LEADER 00000nam a2200000 4500
001 0121489
005 20240318122831.2
041 0 |a slo 
044 |a SK 
245 1 0 |a Najvýznamnejšie mimovládne organizácie a ich vplyv na ekonomický rozvoj a kvalitu života  |b diplomová práca  |c Ulrika Litecká-Švedová ; škol. Ladislav Lysák 
264 1 |a Bratislava  |c 2010 
300 |a 64 s. 
100 1 |a Litecká-Švedová, Ulrika 
700 1 |a Lysák, Ladislav 
710 2 |a Ekonomická univerzita v Bratislave. Fakulta medzinárodných vzťahov